00337nam a2200109Ia 4500008004100000082000800041100001600049245004200065942000600107952009900113999001500212240331s9999 xx 000 0 und d bASH aAsheroft, B 0aKey concepts in post colonial studies cL 001040708LaWERCLbWERCLcSSCd2024-03-31l0o 325.303 ASHp2844r2024-03-31w2024-03-31yL c2548d2548